000 00596nam a2200193Ia 4500
999 _c2864
_d2864
003 OSt
005 20200818132517.0
008 190216s9999||||xx |||||||||||||| ||und||
020 _a0131293532
040 _coclc
082 _a540.2461
_bSEA/C
100 _aSears, Curtis T
_94197
245 0 _aChemistry For Helath Related Sciences :
_bConcepts and Correlations /
_cCurtis T Sears ; Conrad L Stanitski
250 _a2nd Ed.
260 _bPrentice Hall,
_c1983.
_aLondon:
300 _a540p
650 _aChemistry
942 _cBK
_2ddc
_h540.2461
_iSEA/C
_k540.2461
_mSEA/C